000 01158nam a22003257a 4500
003 CHAP
005 20220329141429.0
008 971013s1988 r 00010 d
010 _a68020
011 _a68992
035 _a78466
040 _cCHAP
090 _aTesis
100 0 0 _aHernández Rodríguez, Oscar.
_954551
245 _aComparación de dos niveles de sustituto de leche en la alimentación artificial de cabritos para abasto, así como el comparar dos sistemas de crianza el natural y el artificial
260 _aMarín, N. L. :
_bEl autor,
_c1988
300 _a58 h.
500 _a26-151
502 _aTesis (Ing. Agr. Zootecnista) -- Univ. Autónoma de Nuevo León. Fac. de Agronomía
590 _aALEPH
_b10
_c20130110
_lUCH01
_h1404
590 _aBATCH-UPD
_b10
_c20130110
_lUCH01
_h0747
590 _aBATCH-UPD
_b10
_c20130410
_lUCH01
_h0428
590 _aBATCH-UPD
_b10
_c20130914
_lUCH01
_h1508
590 _aCONVERSION
_b10
_c20130109
_lUCH01
_h1337
650 1 4 _aGanado cabrío
_xAlimentación.
_944990
650 1 4 _aLeche
_xSustitutos.
_965413
901 _aBK
942 _cTESIS
949 _bBC
_cTES
_d-31340
_eTS1
_h21278
_i78466
_si
999 _c68020
_d68020